Erasing history/ (Record no. 751590)

MARC details
000 -LEADER
fixed length control field 00337nam a22001337a 4500
020 ## - INTERNATIONAL STANDARD BOOK NUMBER
ISBN 9781804441619
082 ## - DEWEY DECIMAL CLASSIFICATION NUMBER
Classification number 320.553 STA/E
100 ## - MAIN ENTRY--AUTHOR NAME
Personal name Stanley ,Jason
245 ## - TITLE STATEMENT
Title Erasing history/
Statement of responsibility, etc by Jason Stanley
260 ## - PUBLICATION, DISTRIBUTION, ETC. (IMPRINT)
Place of publication . - UK
Name of publisher : Footnote press
Year of publication , 2024
300 ## - PHYSICAL DESCRIPTION
Number of Pages xxi+233 pages
942 ## - ADDED ENTRY ELEMENTS (KOHA)
Source of classification or shelving scheme Dewey Decimal Classification
Koha item type Book
Holdings
Withdrawn status Lost status Source of classification or shelving scheme Damaged status Not for loan Home Library Current Location Date acquired Full call number Accession Number Price effective from Koha item type
    Dewey Decimal Classification     Dept. of Political Science Dept. of Political Science 04/03/2025 320.553 STA/E POL23792 19/09/2025 Book